000 01100nam a2200277 a 4500
001 24467
003 CO-ViMGA
008 141112s2004 ck r 000 u spa d
020 _a9789587580716
040 _aCO-ViMGA
_bspa
_cCO-ViMGA
041 _aSPA
082 0 4 _a986.1 H37
100 1 _aRodríguez Baquero, Luis Enrique
_98332
245 1 0 _aHistoria de Colombia :
_btodo lo que hay que saber /
_cLuis Enrique Rodríguez Baquero ... [et al.]
250 _a1a ed.
260 _aBogotá :
_bSantillana,
_c2011
300 _a366 p.
490 _aPunto de Lectura : ensayo
500 _aIncluye bibliografía al final de cada capítulo.
650 1 4 _aCOLOMBIA - HISTORIA - COLONIA
_93653
651 _aCOLOMBIA - HISTORIA - DESCUBRIMIENTO Y CONQUISTA, 1499 - 1550 \ COLOMBIA - Política Y GOBIERNO \ COLOMBIA - HISTORIA - 9 DE ABRIL \ COLOMBIA - HISTORIA - ENSAYOS, CONFERENCIAS, ETC.
_936324
700 1 _aCeballos Gómez, Diana Luz
_921523
700 1 _aRodríguez González, Ana Luz
_936325
700 1 _aRodríguez González, Ana Luz Ceballos Gómez, Diana Luz
_936326
942 _2ddc
_cBK
999 _c2191
_d2191